[Event "Høstturneringen 2014"]
[Site "Ås, Akershus NOR"]
[Date "2014.11.06"]
[Round "7"]
[White "Kjelstrup, Joachim"]
[Black "Samset, Jon"]
[Result "1-0"]
[WhiteElo "1031"]
[BlackElo "1143"]
[PlyCount "81"]
[EventDate "2014.09.04"]

1. e4 g6 2. d4 Bg7 3. f4 d6 4. Nf3 Bg4 5. c3 Nf6 6. Bd3 c5 7. O-O c4 8. Qa4+
Nbd7 9. Qxc4 O-O 10. Qb3 b6 11. e5 Bxf3 12. Rxf3 dxe5 13. fxe5 Ng4 14. Bg5 Kh8
15. Be4 Rc8 16. h3 Nh6 17. Bxh6 Bxh6 18. Rxf7 Re8 19. Na3 e6 20. Nb5 Ra8 21.
Bxa8 Nxe5 22. dxe5 Be3+ 23. Kh1 Qxa8 24. Nc7 Qb7 25. Raf1 Bc5 26. Nxe6 Qc6 27.
Nxc5 Qxc5 28. Qb4 (28. Rxh7+ Kxh7 29. Qf7+ Kh6 30. Rf6) 28... Qxe5 29. Rf8+ Kg7
30. Qd4 Qxd4 31. R8f7+ Kg8 32. cxd4 a5 33. Rb7 Re6 34. Rd1 a4 35. d5 Rd6 36.
Kg1 h5 37. Kf2 g5 38. a3 Kf8 39. Rd4 Ke8 40. Rxa4 Kd8 41. Ra8# 1-0

[Event "Høstturneringen 2014"]
[Site "Ås, Akershus NOR"]
[Date "2014.11.06"]
[Round "7"]
[White "Ruud, Kjetil"]
[Black "Olsen, Trygve"]
[Result "0-1"]
[WhiteElo "1301"]
[BlackElo "1210"]
[PlyCount "118"]
[EventDate "2014.09.04"]

1. e4 c5 2. Nf3 Nc6 3. d4 cxd4 4. Nxd4 g6 5. Be3 Bg7 6. Nxc6 bxc6 7. Bd4 e5 8.
Bc3 Ne7 9. Qd6 O-O 10. Bc4 Kh8 11. Bxe5 f6 12. Bc3 a5 13. Nd2 Ba6 14. O-O Nc8
15. Qc5 Bxc4 16. Nxc4 a4 17. f4 Re8 18. e5 f5 19. Rad1 Re6 20. Rf3 Bf8 21. Nd6
Nxd6 22. exd6+ Bg7 23. Bxg7+ Kxg7 24. Re3 Rxe3 25. Qxe3 Kf7 26. c4 Qe8 27.
Qxe8+ Rxe8 28. Kf2 Re4 29. b3 axb3 30. axb3 Rxf4+ 31. Ke3 Re4+ 32. Kf3 Ke6 33.
h3 Ke5 34. Rd3 Rd4 35. Re3+ Kxd6 36. g4 fxg4+ 37. hxg4 Kc5 38. Kg3 Kb4 39. Kh4
h6 40. Rf3 h5 41. Rf7 Rxg4+ 42. Kh3 Rd4 43. Rf3 g5 44. Rf5 Kxb3 45. Rxg5 Kxc4
46. Rxh5 d5 47. Kg3 Rd3+ 48. Kf2 Kc3 49. Rh6 c5 50. Ke2 c4 51. Rc6 Rd2+ 52. Ke1
Rb2 53. Kd1 Rb1+ 54. Ke2 d4 55. Rd6 d3+ 56. Ke3 Re1+ 57. Kf2 d2 58. Rg6 d1=Q
59. Rg3+ Kb4 0-1

[Event "Høstturneringen 2014"]
[Site "Ås, Akershus NOR"]
[Date "2014.11.06"]
[Round "7"]
[White "Lange, Magnus Øyvind"]
[Black "Alnes, Tord"]
[Result "0-1"]
[WhiteElo "702"]
[BlackElo "1087"]
[PlyCount "40"]
[EventDate "2014.09.04"]

1. e4 c6 2. d4 d5 3. f3 e6 4. Nc3 Ne7 5. Bd3 Ng6 6. Nge2 Be7 7. g3 Nd7 8. f4
dxe4 9. Bxe4 f5 10. Bf3 Nb6 11. Qd3 Bd7 12. Bd2 Qc7 13. a4 a5 14. Na2 Nxa4 15.
Qb3 b5 16. Nec3 Nxc3 17. Qxc3 b4 18. Qd3 Bf6 19. O-O-O Ne7 20. c3 b3 0-1

[Event "Høstturneringen 2014"]
[Site "Ås, Akershus NOR"]
[Date "2014.11.11"]
[Round "7"]
[White "Simonsen, Steinar"]
[Black "Aasestad, Tor Erik"]
[Result "1-0"]
[WhiteElo "1337"]
[BlackElo "969"]
[Annotator "Lea, Per"]
[PlyCount "147"]
[EventDate "2014.09.04"]

1. c4 e5 2. Nf3 Nc6 3. Nc3 Nf6 4. g3 Bc5 5. Bg2 d5 6. cxd5 Nxd5 7. O-O O-O 8.
Nxd5 Qxd5 9. d3 Bg4 10. h3 Bh5 11. Qc2 Nd4 12. Nxd4 Qxd4 13. e3 Qb4 14. Bd2 Qb6
15. a3 a5 16. Rac1 Bd6 17. e4 f6 18. Be3 Qa6 19. f4 b6 20. fxe5 Bxe5 21. Bf4
Bd4+ 22. Kh2 c5 23. e5 Rac8 24. Bd5+ Kh8 25. exf6 Rxf6 26. Rce1 Bg6 27. Bc4 Qb7
28. Qe2 Rcf8 29. Bd6 Rd8 30. Qe7 Qxe7 31. Bxe7 Rxf1 32. Rxf1 Re8 33. Bb5 Rc8
34. Ba6 Ra8 35. Bb7 Rb8 36. Ba6 h6 37. Rf8+ Rxf8 38. Bxf8 Bxb2 39. a4 Kg8 40.
Bd6 Kf7 41. Bc7 Ba3 42. Bc4+ Kf6 43. Bxb6 Bb4 44. Kg2 Ke5 45. Kf3 h5 46. Ke3
Bf5 47. Bc7+ Kf6 48. h4 {Med remistilbud} Kg6 49. Bb5 Kh6 50. Bf4+ Kg6 51. Be8+
Kf6 52. Bxh5 g6 53. Be2 Bc3 54. Bd6 Bb4 55. g4 Be6 56. Bd1 c4 57. Bxb4 axb4 58.
dxc4 Bxc4 59. Kd4 Ba6 60. Kc5 Ke5 61. Kxb4 Kf4 62. h5 gxh5 63. gxh5 Kg5 64. Kc5
Kh6 65. Kb6 Bd3 66. a5 Kh7 67. a6 $4 Be4 $4 (67... Bxa6 68. Kxa6 {og
stillingen er teoretisk remis fordi hvits løper ikke behersker
forvandlingsfeltet til bonden. F.eks.:} Kh6 69. Kb6 Kh7 70. Kc6 Kh6 71. Kd6 Kh7
72. Ke6 Kh6 73. Kf6 Kh7 74. Kg5 Kh8 75. h6 Kh7 76. Bc2+ Kh8 77. Kf6 Kg8 78. h7+
Kh8 79. Ke7 (79. Kf7 {patt}) 79... Kg7 {og hvit kommer ikke videre}) 68. a7 Kg7
69. Ba4 Kg8 70. Bb5 Kh7 71. Ba6 Kh6 72. Bb7 Bxb7 73. Kxb7 Kxh5 74. a8=Q 1-0

[Event "Høstturneringen 2014"]
[Site "Ås, Akershus NOR"]
[Date "2014.11.06"]
[Round "7"]
[White "Thorvaldsen, Thomas"]
[Black "Heien, Aksel"]
[Result "1-0"]
[WhiteElo "908"]
[BlackElo "926"]
[Annotator "Lea, Per"]
[PlyCount "141"]
[EventDate "2014.09.04"]

1. d4 d5 2. c4 e5 3. e3 exd4 4. exd4 Bb4+ 5. Nc3 Nf6 6. a3 Bxc3+ 7. bxc3 Qe7+
8. Qe2 Qxe2+ 9. Bxe2 Be6 10. cxd5 Bxd5 11. Bf3 Nc6 12. Bxd5 Nxd5 13. Ne2 O-O-O
14. O-O Rhe8 15. Re1 Nxc3 16. Be3 Nxe2+ 17. Rxe2 Nxd4 18. Rb2 b6 19. h3 Rd7 20.
a4 Kb7 21. a5 Red8 22. axb6 axb6 23. Rd2 Ne2+ {Riktig tenkt - men feil utført!}
(23... Nf3+ 24. gxf3 Rxd2 25. Bxd2 Rxd2 {gir svart et sluttspill som burde
vinnes enkelt}) 24. Rxe2 Rd1+ 25. Re1 R1d7 26. Ra4 f6 27. Rea1 Rd5 28. Ra7+ Kc8
29. Rc1 c5 30. Rxg7 h5 31. Kh2 R8d6 32. Ra1 Rd7 33. Rg8+ Kc7 34. Bf4+ Kc6 35.
Rc8+ Kb5 36. Rb1+ Kc4 37. Rxb6 Rf5 38. Ra6 Rd4 39. Ra4+ Kb5 40. Rxd4 cxd4 41.
Kg3 Rd5 42. Rf8 d3 43. Rxf6 d2 44. Bxd2 Rxd2 45. Rf5+ Kc4 46. Rxh5 Rd6 47. f3
Rg6+ 48. Kh2 Kd3 49. f4 Ke3 50. f5 Rg8 51. g4 Kf4 52. f6 Rf8 53. g5 Kf5 54. h4
Kg6 55. Rh6+ Kf7 56. Kg3 Rg8 57. Kf4 Ke6 58. Rh7 Rf8 59. Re7+ Kd6 60. Kf5 Rh8
61. g6 Rg8 62. f7 Rg7 63. f8=Q Rxe7 64. Qf6+ Kd7 65. g7 Rxg7 66. Qxg7+ Kd6 67.
Qe5+ Kc6 68. Ke6 Kb6 69. Kd6 Ka6 70. Kc6 Ka7 71. Qc7+ 1-0

[Event "Høstturneringen 2014"]
[Site "Ås, Akershus NOR"]
[Date "2014.11.13"]
[Round "8"]
[White "Furnes, Torstein"]
[Black "Kielland-Lund, Jon"]
[Result "1-0"]
[WhiteElo "1676"]
[BlackElo "1577"]
[Annotator "Furnes, Torstein"]
[PlyCount "101"]
[EventDate "2014.09.04"]

1. d4 d5 2. c4 c6 3. cxd5 cxd5 4. Bf4 Bf5 5. e3 Nc6 6. Qb3 {Ikke det vanligste
trekket hos Chesslive.de. Kun 7 partier fortsetter med Db3, mens 158 partier
fortsetter med Sc3. Men med Db3 har hvit en vinstprosent på 71.4 %, mens Sc3
har 58.5 %.} Qd7 7. Nf3 e6 8. Nc3 Bb4 9. Bb5 ({Via Let's Check i ChessBase ser
man at computerne (Komodo 8, Fritz 11 SE og Houdini 4x64) her foretrekker} 9.
Ne5 Bxc3+ (9... Nxe5 10. Bxe5 Bxc3+ 11. bxc3 Kf8 12. Bb5 Qd8) 10. bxc3 Qc8)
9... f6 10. O-O {Dermed følger vi ikke lenger noen partier i Chesslive.de. Der
fortsetter istedet ett parti med Lxc6.} Nge7 11. Rac1 Bxc3 12. Rxc3 a6 13. Bd3
$6 {Fritz 11 liker ikke dette trekket, og vil heller spille Le2 eller Da3.}
Bxd3 14. Rxd3 Kf7 15. Rc3 g5 16. Bg3 h5 17. h4 g4 18. Nd2 Nf5 19. Qc2 Kg7 20.
Nb3 Nxg3 21. fxg3 f5 22. Nc5 Qe7 23. a3 Rac8 24. Rc1 Na7 25. a4 ({Hvit hadde
også muligheten} 25. Nxb7 $5 Qxb7 26. Rc7+ Rxc7 27. Qxc7+ Qxc7 28. Rxc7+ Kf6
29. Rxa7 Rb8 30. b4 Rb6) 25... Kf6 26. Qb3 (26. Rb3 {er litt sterkere ifølge
Fritz 11.}) 26... Rc7 $2 27. Kf2 $4 ({Først litt etter at jeg hadde utført
kongetrekket Kf2??, så jeg vinstvarianten} 27. Ne4+ $1 dxe4 28. Rxc7 $18) 27...
Rhc8 28. Qb6 Nc6 29. Nxa6 {Dette trekket med hvit fordel på ca. +0.6 kommer et
stykke ned på listen hos Fritz 11. Fritz vil heller spille b4! med hvit fordel
på ca. +2.1.} (29. b4 Ra8 30. b5 axb5 31. axb5 Nb4 32. Kg1 $1 $18 (32. Rb3 Ra2+
33. Kg1 Nc2)) 29... Rd7 $6 $18 {En feil, ifølge Fritz. Svart må prøve} (29...
bxa6 30. Rxc6 Rxc6 31. Rxc6 Rxc6 32. Qxc6 Qb4 $16) 30. Nc5 Rdc7 31. a5 Kf7 32.
Rb3 $6 ({Hvit bør heller spille} 32. Nd3 $18 {som truer både Se5 og a6.}) 32...
Nd8 33. Rbc3 Rc6 34. Qb5 R8c7 35. b4 Rc8 36. Qa4 R6c7 37. b5 Kf6 38. Qb3 Kf7
39. Qb4 Qd6 $2 40. Qb3 $2 ({Jeg har hatt en del tidsnød de siste trekkene, og
med få sekunder igjen på det siste trekket før tidskontrollen overser jeg
vinstvarianten:} 40. Nd3 $1 Qxb4 (40... Rxc3 41. Qxd6 Rxc1 42. Nxc1 Rxc1 43.
Qxd8 $18) 41. Rxc7+ Kf6 42. Nxb4 $18) 40... b6 41. axb6 Qxb6 42. Na4 ({
Førstevalget til Fritz er} 42. Nd7 $1 Rxc3 43. Rxc3 Qb7 (43... Rxc3 $2 44. Qb4
$1 Qc7 45. Qf8+ Kg6 46. Qg8+ Kh6 47. Qg5+ Kh7 48. Nf6+ Kh8 49. Qg8#) 44. Ne5+
Ke7 45. Rxc8 Qxc8 46. Qb4+ Ke8 47. b6) 42... Rxc3 43. Rxc3 Rxc3 44. Nxc3 Nb7
45. Na4 Qa5 46. b6 Qd2+ 47. Kg1 Qe1+ $2 $18 {Tapstrekket, ifølge Fritz.} ({
Fritz mener svart holder remis med} 47... Na5 $1 $11 {For eksempel} 48. Qb5 (
48. Qc3 Qd1+ 49. Kh2 Qxa4 50. Qc7+ Kf6 51. b7 Nxb7 52. Qxb7 Qe8) (48. Qb1 Nc4
49. Kh1 Nxe3 50. Qg1 f4 51. b7 f3 52. gxf3 (52. b8=Q $4 fxg2+ 53. Kh2 Nf1+ 54.
Qxf1+ gxf1=Q#) 52... Qe2 53. b8=Q Qxf3+ 54. Kh2 Qe2+ 55. Kh1 Qf3+ 56. Kh2)
48... Nc4 49. b7 Nxe3 50. Qd7+ Kf6 {og hvit må ta evig sjakk.}) 48. Kh2 Qa5 49.
Nc5 Qa8 ({B-bonden går rett inn etter} 49... Nxc5 50. dxc5 Qxc5 51. b7) 50. Qb5
Qc8 51. Qa6 1-0

[Event "Høstturneringen 2014"]
[Site "Ås, Akershus NOR"]
[Date "2014.11.13"]
[Round "8"]
[White "Holm, Bjarne"]
[Black "Lea, Per"]
[Result "1-0"]
[WhiteElo "1543"]
[BlackElo "1618"]
[Annotator "Lea, Per"]
[PlyCount "153"]
[EventDate "2014.09.04"]

1. d4 d5 2. Bf4 e6 3. Nf3 c5 4. c4 dxc4 5. Qa4+ Nc6 6. e3 Qa5+ 7. Qxa5 Nxa5 8.
Nbd2 cxd4 9. Nxd4 Bd7 10. Bxc4 Bb4 $2 (10... Nxc4 11. Nxc4 Bb4+ 12. Ke2 $15)
11. Bd3 $1 Nf6 12. a3 Bxd2+ 13. Kxd2 Nd5 14. Bg3 O-O 15. e4 Nf6 16. Rhc1 Rac8
17. Rc7 Rxc7 18. Bxc7 Nc6 19. Nxc6 Bxc6 20. f3 Rc8 21. Be5 Nd7 22. Bc3 Rd8 (
22... Nc5 23. Bc2 Ba4 24. Bxa4 Nxa4 25. Bd4 f6 (25... a6 $2 26. Rc1 Rd8 $16))
23. b4 Nb6 (23... Nc5 24. bxc5 Bb5 25. a4 Rxd3+ 26. Kc2 Ba6 $11) 24. Ke2 a6 25.
Be5 Rd7 26. Rc1 f6 27. Bf4 e5 28. Be3 Nc8 29. Bxa6 $1 Nd6 30. Bd3 h6 31. Rc5
Ba4 32. Rd5 Bb3 33. Rc5 b5 34. Rc3 Be6 35. h3 Nc4 36. Bc5 Rb7 37. a4 $1 Nb2 38.
Bxb5 Rc7 39. Bd4 Rxc3 40. Bxc3 Nc4 41. Kd3 Nd6 42. Ba6 Kf8 43. Bd2 Ke8 44. Be3
Kd7 45. Bc5 Kc6 46. Bxd6 Kxd6 47. Bc4 Bd7 48. a5 Kc6 49. h4 Bc8 50. Kc3 Bd7 51.
a6 Kb6 52. b5 Be8 53. Kd3 Bd7 54. g3 Be8 55. f4 Bd7 56. f5 Be8 57. Kc3 Bh5 58.
Kb4 Bf3 59. Bd5 Be2 60. Bc6 Bf3 61. a7 Kxa7 62. Kc5 Bh5 63. b6+ Kb8 64. Kd6 g5
65. hxg5 fxg5 66. f6 $1 Bg6 67. Ke7 h5 68. f7 Bxf7 69. Kxf7 h4 70. gxh4 gxh4
71. Bd7 Kb7 72. Bf5 Kxb6 73. Ke6 Kc7 74. Kxe5 Kd8 75. Ke6 Ke8 76. Bh3 $1 Kd8
77. Kf7 1-0

[Event "Høstturneringen 2014"]
[Site "Ås, Akershus NOR"]
[Date "2014.11.13"]
[Round "8"]
[White "Høva, Frode"]
[Black "Lange, Holger"]
[Result "1/2-1/2"]
[WhiteElo "1515"]
[BlackElo "1599"]
[PlyCount "108"]
[EventDate "2014.09.04"]

1. Nf3 Nf6 2. g3 d5 3. Bg2 c5 4. d4 e6 5. O-O Be7 6. c4 Nc6 7. Nc3 O-O 8. cxd5
Nxd5 9. Nxd5 Qxd5 10. dxc5 Qxc5 11. Be3 Qh5 12. a3 Rd8 13. Qc2 Bd7 14. Rac1
Rac8 15. Qe4 Qb5 16. b4 Qxe2 17. Rc2 Qb5 18. Rfc1 f5 19. Qc4 Qxc4 20. Rxc4 b6
21. b5 Na5 22. Rxc8 Rxc8 23. Rxc8+ Bxc8 24. a4 Nc4 25. Bf4 Nb2 26. Bb8 Nxa4 27.
Bxa7 Bd7 28. Nd4 Bc5 29. Bc6 Bxd4 30. Bxd7 Kf7 31. Bb8 Ke7 32. Bc6 Bc5 33. Be5
g6 34. h4 Bd6 35. Bd4 e5 36. Be3 Bc5 37. Bd2 Kd6 38. Be8 Ke7 39. Bc6 Nb2 40.
Kf1 Nd3 41. f3 Nb4 42. Bxb4 Bxb4 43. Ke2 Kf6 44. g4 h6 45. h5 gxh5 46. gxh5 Kg5
47. Be8 Bc5 48. Bf7 Kf4 49. Be6 e4 50. fxe4 Kxe4 51. Bd7 f4 52. Bc6+ Kf5 53.
Kf3 Kg5 54. Be8 Be3 1/2-1/2

[Event "Høstturneringen 2014"]
[Site "Ås, Akershus NOR"]
[Date "2014.11.13"]
[Round "8"]
[White "Moberg, Jan Rune"]
[Black "Kjelstrup, Joachim"]
[Result "1-0"]
[WhiteElo "1516"]
[BlackElo "1031"]
[PlyCount "69"]
[EventDate "2014.09.04"]

1. Nf3 Nf6 2. c4 c5 3. g3 Nc6 4. Nc3 g6 5. Bg2 Bg7 6. O-O O-O 7. e4 d6 8. h3 a6
9. a4 Qc7 10. d3 e6 11. Be3 Bd7 12. Qd2 Nh5 13. g4 Bxc3 14. bxc3 Ng7 15. Rfb1
e5 16. Qa2 Ne6 17. Qd2 Na5 18. Ra2 Bc6 19. Ng5 Nxg5 20. Bxg5 Qd7 21. Bf6 Qe6
22. g5 Qd7 23. Qd1 b5 24. axb5 axb5 25. cxb5 Bxb5 26. Rba1 Qc7 27. d4 cxd4 28.
cxd4 Rfe8 29. Bf1 Bxf1 30. Kxf1 Ra7 31. dxe5 Qc4+ 32. Kg1 Qb4 33. exd6 Rd7 34.
Rxa5 Rxd6 35. Qa4 1-0

[Event "Høstturneringen 2014"]
[Site "Ås, Akershus NOR"]
[Date "2014.11.13"]
[Round "8"]
[White "Olsen, Trygve"]
[Black "Bakken, Svein-Erik"]
[Result "1-0"]
[WhiteElo "1210"]
[BlackElo "1326"]
[PlyCount "73"]
[EventDate "2014.09.04"]

1. e4 c5 2. c4 e6 3. Nc3 Nc6 4. f4 Nge7 5. Nf3 Nd4 6. Nxd4 cxd4 7. Nb5 Nc6 8.
e5 d5 9. exd6 Bxd6 10. d3 Bc5 11. a4 a6 12. Na3 O-O 13. Be2 Ne7 14. O-O Bd7 15.
Nc2 Nc6 16. Bd2 Qe7 17. Bg4 Rfe8 18. Rb1 a5 19. b3 Nb4 20. Bxb4 axb4 21. Ra1 b6
22. Ne1 Bc6 23. Nf3 Qc7 24. Qd2 Red8 25. Ne5 Be8 26. Rae1 Ra7 27. Nf3 h6 28. f5
exf5 29. Bxf5 Qb8 30. Be4 Re7 31. Nh4 Bd7 32. Qf2 Qc8 33. Bd5 (33. Bb7 Qxb7 (
33... Rxe1 34. Qxf7+ Kh7 35. Bxc8 Rxf1+ 36. Qxf1 Bxc8) 34. Rxe7 Bxe7 35. Qxf7+
Kh7 36. Qxe7) 33... Rf8 34. Rxe7 Bxe7 35. Ng6 Bc5 36. Nxf8 Bxf8 37. Qxf7+ 1-0

[Event "Høstturneringen 2014"]
[Site "Ås, Akershus NOR"]
[Date "2014.11.13"]
[Round "8"]
[White "Alnes, Tord"]
[Black "Garmark, Vegard"]
[Result "0-1"]
[WhiteElo "1087"]
[BlackElo "1229"]
[PlyCount "89"]
[EventDate "2014.09.04"]

1. d4 Nf6 2. c4 e6 3. Nc3 d5 4. cxd5 exd5 5. Bg5 Be7 6. e3 Be6 7. Bd3 Nc6 8. a3
a6 9. b4 O-O 10. Qc2 h6 11. Bxf6 Bxf6 12. Nf3 Ne7 13. h4 Qd7 14. Ne2 Bf5 15.
Ng3 Bxd3 16. Qxd3 Qg4 17. h5 b6 18. Rc1 c6 19. Rh2 Rfc8 20. Ne5 Bxe5 21. dxe5
a5 22. Qd4 Qxd4 23. exd4 axb4 24. axb4 Ra4 25. Rb1 Rca8 26. f4 Ra1 27. Rxa1
Rxa1+ 28. Kd2 Ra2+ 29. Kc3 $4 Ra3+ $1 30. Kc2 Rxg3 31. Rh1 Rxg2+ 32. Kb3 Re2
33. Ra1 f6 34. Ra8+ Kf7 35. exf6 Kxf6 36. Rf8+ Ke6 37. Kc3 Re3+ 38. Kc2 Re4 39.
Kd3 Nf5 40. Re8+ Kf6 41. Rf8+ Ke6 42. Re8+ Kd7 43. Rf8 Rxf4 44. Rf7+ Ke6 45.
Rc7 {Uleselig notasjon herfra og ut.} 0-1

[Event "Høstturneringen 2014"]
[Site "Ås, Akershus NOR"]
[Date "2014.11.13"]
[Round "8"]
[White "Samset, Jon"]
[Black "Aalmo, Alexander"]
[Result "0-1"]
[WhiteElo "1143"]
[BlackElo "1125"]
[PlyCount "64"]
[EventDate "2014.09.04"]

1. e4 c5 2. c3 d6 3. Bb5+ Bd7 4. a4 Nf6 5. d3 Nc6 6. h3 e6 7. Nf3 Be7 8. O-O a6
9. Bc4 O-O 10. Bg5 h6 11. Bh4 Qc7 12. Nbd2 Rfe8 13. Re1 e5 14. Nh2 Rab8 15. Ng4
Nxg4 16. Bxe7 Rxe7 17. hxg4 Qc8 18. f3 Na5 19. Bd5 Be6 20. Kf2 Bxd5 21. exd5
Qd8 22. Rh1 b5 23. b4 cxb4 24. cxb4 Qb6+ 25. Ke2 Nb7 26. Ne4 Rc7 27. Rh5 Qd4
28. Rb1 Rbc8 29. Qh1 Rc2+ 30. Nd2 R8c3 31. Rxh6 Qxd3+ 32. Kf2 Qxd2+ 0-1

[Event "Høstturneringen 2014"]
[Site "Ås, Akershus NOR"]
[Date "2014.11.13"]
[Round "8"]
[White "Ruud, Kjetil"]
[Black "Petersen, Rune J"]
[Result "1-0"]
[WhiteElo "1301"]
[BlackElo "845"]
[PlyCount "72"]
[EventDate "2014.09.04"]

1. e4 Nc6 2. d4 e6 3. Nf3 d6 4. a3 Nf6 5. Bd3 e5 6. d5 Ne7 7. h3 Ng6 8. g3 Bd7
9. Be3 Be7 10. Nc3 O-O 11. Qd2 Nh5 12. Ne2 c6 13. g4 Nhf4 14. Nxf4 Nxf4 15.
Bxf4 exf4 16. Qxf4 cxd5 17. O-O-O dxe4 18. Qxe4 g6 19. h4 Bc6 20. Qf4 Bxf3 21.
Qxf3 Bxh4 22. Be4 Bg5+ 23. Kb1 Bf6 24. Qh3 h5 25. gxh5 g5 26. Qf5 Re8 27. f4
gxf4 28. Rhg1+ Kf8 29. Qxf4 Be5 30. Qh6+ Ke7 31. Bf5 Qb6 32. Qg5+ Bf6 33. Rde1+
Kd8 34. Qxf6+ Kc7 35. Qxf7+ Kc6 36. Bd7+ Kc5 {Svart tapte på tid} 1-0

[Event "Høstturneringen 2014"]
[Site "Ås, Akershus NOR"]
[Date "2014.11.13"]
[Round "8"]
[White "Aasestad, Tor Erik"]
[Black "Nissen, Ulrik"]
[Result "0-1"]
[WhiteElo "969"]
[BlackElo "1134"]
[Annotator "Lea, Per"]
[PlyCount "80"]
[EventDate "2014.09.04"]

1. Nf3 Nc6 2. e4 e5 3. Nc3 Nf6 4. Bb5 a6 5. Ba4 b5 6. Bb3 Bc5 7. d3 h6 8. O-O
O-O 9. a3 Bb7 10. Ba2 d6 11. b4 Bb6 12. Ne2 Qd7 13. h3 Ne7 14. Ng3 Ng6 15. Bb2
Rac8 16. Rc1 c5 17. c3 Rc6 18. Qd2 c4 19. dxc4 bxc4 20. Qe2 Nf4 21. Qc2 Rc7 22.
Nd2 d5 23. exd5 Qxd5 24. Nf3 e4 (24... Nxg2 $1 25. Qd1 (25. Kxg2 $4 Qxf3+ 26.
Kh2 Qg2#) 25... Qxf3 26. Qxf3 Bxf3 {og svart ligger offiser og bonde over}) 25.
Nd4 e3 26. f3 Qe5 27. Rfe1 Nd3 28. Re2 Nxc1 29. Bxc1 Qxg3 30. Rxe3 Nd5 31. Re4
Nf6 (31... Nxc3 32. Qxc3 Bxe4) 32. Re2 Bxf3 33. Re3 Qxg2+ 34. Qxg2 Bxg2 35.
Kxg2 Re8 36. Rf3 Bxd4 37. cxd4 Re2+ 38. Rf2 Rxf2+ 39. Kxf2 Ne4+ 40. Ke3 Nc3 0-1

[Event "Høstturneringen 2014"]
[Site "Ås, Akershus NOR"]
[Date "2014.11.27"]
[Round "9"]
[White "Lange, Holger"]
[Black "Furnes, Torstein"]
[Result "1/2-1/2"]
[WhiteElo "1599"]
[BlackElo "1676"]
[PlyCount "36"]
[EventDate "2014.09.04"]

1. d4 d5 2. Nf3 Nf6 3. e3 Bg4 4. c4 e6 5. Nc3 c6 6. cxd5 exd5 7. Be2 Bd6 8. O-O
O-O 9. Nd2 Bf5 10. h3 Qd7 11. f4 Qe7 12. Nf3 Ne4 13. Re1 Qf6 14. Bd3 Re8 15.
Qc2 h5 16. Ne5 Bxe5 17. Bxe4 dxe4 18. fxe5 Qg6 1/2-1/2

[Event "Høstturneringen 2014"]
[Site "Ås, Akershus NOR"]
[Date "2014.11.27"]
[Round "9"]
[White "Thowsen, Alf Geir"]
[Black "Holm, Bjarne"]
[Result "0-1"]
[WhiteElo "1195"]
[BlackElo "1543"]
[PlyCount "42"]
[EventDate "2014.09.04"]

1. e4 e5 2. Nf3 Nc6 3. Bb5 a6 4. Bxc6 dxc6 5. Nxe5 Qd4 6. Nf3 Qxe4+ 7. Qe2
Qxe2+ 8. Kxe2 Bf5 9. d3 Bd6 10. Re1 O-O-O 11. Kf1 Nf6 12. Nc3 h6 13. Bd2 Rde8
14. h3 g5 15. a4 g4 16. Nh4 gxh3 17. Nxf5 h2 18. Nxd6+ cxd6 19. f3 h1=Q+ 20.
Kf2 Qh4+ 21. g3 Qh2+ 0-1

[Event "Høstturneringen 2014"]
[Site "Ås, Akershus NOR"]
[Date "2014.11.27"]
[Round "9"]
[White "Lea, Per"]
[Black "Kielland-Lund, Jon"]
[Result "1-0"]
[WhiteElo "1618"]
[BlackElo "1577"]
[PlyCount "75"]
[EventDate "2014.09.04"]

1. e4 c6 2. d4 d5 3. Nc3 dxe4 4. Nxe4 Bf5 5. Ng3 Bg6 6. Nf3 Nd7 7. h4 h6 8. h5
Bh7 9. Bd3 Bxd3 10. Qxd3 e6 11. Bf4 Qa5+ 12. Bd2 Qc7 13. O-O-O O-O-O 14. Kb1
Ngf6 15. Ne4 Nxe4 16. Qxe4 Nf6 17. Qe2 Bd6 18. Ne5 c5 19. Bf4 Bxe5 20. Bxe5 Qc6
21. f3 cxd4 22. Rxd4 Rxd4 23. Bxd4 Kb8 24. Rd1 Rc8 25. c3 Ne8 $2 26. Bxg7 Nxg7
27. Qe5+ Qc7 28. Qxg7 Qf4 29. Ka1 a6 30. a3 Kc7 31. Rd4 Qf5 32. Qxh6 (32. g4
Qb5 (32... Qxf3 33. Rc4+ Kd7 34. Qd4+ Qd5 35. Qxd5+ exd5 36. Rxc8 Kxc8 37. g5 {
og hvit får ny dronning})) 32... Rd8 33. Qf4+ Qxf4 34. Rxf4 f5 35. Rh4 Rh8 36.
g4 fxg4 37. fxg4 e5 38. g5 1-0

[Event "Høstturneringen 2014"]
[Site "Ås, Akershus NOR"]
[Date "2014.11.27"]
[Round "9"]
[White "Garmark, Vegard"]
[Black "Bakken, Svein-Erik"]
[Result "0-1"]
[WhiteElo "1229"]
[BlackElo "1326"]
[PlyCount "100"]
[EventDate "2014.09.04"]

1. e4 c5 2. Nf3 Nc6 3. d4 cxd4 4. Nxd4 a6 5. Nc3 e6 6. Nxc6 bxc6 7. Bd3 Qc7 8.
Qf3 d5 9. O-O Nf6 10. Re1 Bd6 11. h3 d4 12. Ne2 e5 13. Ng3 O-O 14. Nf5 Bxf5 15.
exf5 h6 16. Be4 Rac8 17. Qg3 Kh8 18. Bxh6 gxh6 19. Qh4 Kg7 20. Rad1 Rh8 21. Rd3
Be7 22. Qg3+ Kh7 23. a3 Rcg8 24. Qf3 Nxe4 25. Qxe4 f6 26. c3 c5 27. f4 Rg7 28.
fxe5 Rhg8 29. Rd2 dxc3 30. bxc3 Qxe5 31. Qxe5 fxe5 32. Rxe5 Rc8 33. c4 Bf6 34.
Re6 Bd4+ 35. Kf1 a5 36. f6 Rf7 37. Rd3 Rxf6+ 38. Rxf6 Bxf6 39. Rd7+ Kh8 40. Ke2
Bb2 41. Ra7 Bxa3 42. Rxa5 Bb2 43. Kd3 Rd8+ 44. Ke4 Rd4+ 45. Ke5 Rxc4+ 46. Kd5
Rc2 47. Rxc5 Rxg2 48. Rc8+ Kh7 49. Ke6 Bg7 50. Rc1 Rh2 0-1

[Event "Høstturneringen 2014"]
[Site "Ås, Akershus NOR"]
[Date "2014.11.27"]
[Round "9"]
[White "Kjelstrup, Joachim"]
[Black "Ruud, Kjetil"]
[Result "0-1"]
[WhiteElo "1031"]
[BlackElo "1301"]
[PlyCount "54"]
[EventDate "2014.09.04"]

1. e4 d5 2. exd5 Nf6 3. c4 e6 4. Nc3 exd5 5. Nf3 Bg4 6. cxd5 Nxd5 7. Qa4+ Bd7
8. Bb5 Qe7+ 9. Ne2 c6 10. Bc4 b5 11. Bxb5 cxb5 12. Qb3 Nf4 13. Nfd4 Nxg2+ 14.
Kf1 Nh4 15. Qd5 Bh3+ 16. Ke1 Bg2 17. Qxb5+ Qd7 18. Rg1 Qxb5 19. Nxb5 Na6 20.
Nf4 Nf3+ 21. Kd1 Nxg1 22. Nxg2 Be7 23. d4 O-O 24. Bd2 Rfd8 25. Bc3 Nf3 26. Ba5
Rd5 27. a4 Nxd4 0-1

[Event "Høstturneringen 2014"]
[Site "Ås, Akershus NOR"]
[Date "2014.11.27"]
[Round "9"]
[White "Simonsen, Steinar"]
[Black "Aalmo, Alexander"]
[Result "1-0"]
[WhiteElo "1337"]
[BlackElo "1125"]
[Annotator "Lea, Per"]
[PlyCount "139"]
[EventDate "2014.09.04"]

1. c4 g6 2. Nc3 Bg7 3. d4 d6 4. Nf3 Nc6 5. g3 e5 6. Bg2 f5 7. dxe5 dxe5 8.
Qxd8+ Kxd8 9. O-O Be6 10. Rd1+ Ke7 11. Nd5+ Bxd5 12. cxd5 Nd8 13. Bg5+ Kd6 14.
Nd2 Nf7 15. Be3 e4 16. Rac1 b5 17. b3 Ne7 18. Bc5+ Kd7 19. Bh3 Nd6 20. g4 Nxd5
21. gxf5 Nf4 22. Bf1 gxf5 23. e3 Rhg8 24. exf4 Be5+ 25. Bg2 Bxf4 26. Rc2 Rg6
27. Kf1 Rag8 28. Bh3 Rg1+ 29. Ke2 Rxd1 30. Kxd1 Rg1+ 31. Ke2 Bxh2 32. Bxd6 Kxd6
33. Bxf5 Rg7 34. Bxe4 Bf4 35. Rc6+ Ke5 36. Rc5+ Kd4 37. Rd5+ Kc3 38. Nb1+ Kb2
39. Nd2 Re7 40. Kf3 Bh6 41. Nf1 Rf7+ 42. Rf5 Re7 (42... Rxf5+ 43. Bxf5 Kxa2 {
og svart har nesten remissjanser}) 43. Rxb5 Kxa2 44. b4 Kb3 45. Ne3 Rf7+ 46.
Ke2 Re7 47. f3 Bf4 48. Nd5 Rf7 49. Nxf4 Rxf4 50. Bxh7 Rf7 51. Be4 Re7 52. Rb7
a6 53. Ra7 Kxb4 54. Rxa6 c5 55. Rb6+ Kc4 56. Rc6 Kb5 57. Rc8 Kb4 58. Kd2 Kc4
59. Bd3+ Kd4 60. Rd8+ Ke5 61. Be4 Ra7 62. Rd5+ Kf4 63. Rxc5 Rf7 64. Ke2 Rg7 65.
Rf5+ Kg3 66. Ke3 Rc7 67. Rg5+ Kh4 68. Rg1 Rf7 69. f4 Kh5 70. Bg6+ 1-0